16 Questions that Prove that Physics Makes No Sense - Statistics

General Stats
  • This quiz has been taken 20,914 times
    19,954 since last reset
  • The average score is 10 of 16
Answer Stats
Question Answer % Correct
Does gravity affect time? Yes
90%
Which of these things act like a wave sometimes? All of the above
76%
Can energy become matter? Yes
75%
Is the speed of light the same traveling through every medium? No
73%
What might a sufficiently advanced quantum computer be able to do? Perform quintillions of computations simultaneously
72%
If two particles are entangled, how quickly does changing one particle affect the other? Instantaneously
70%
If you were moving just below the speed of light, could you see light moving beside you, moving slightly faster than you? No
68%
How big is the universe? We don't know
67%
Can something have infinite density? Yes
67%
Where did the Big Bang happen? Everywhere simultaneously
60%
Photons of light approach two slits. How do they travel through the slits? It depends on if they are observed while traveling through
60%
Can matter emerge spontaneously from a vacuum? Yes
56%
Two spaceships leave Earth in opposite directions, each traveling 0.9 times the speed of light. Could these ships communicate with each other? Yes
52%
Can we theoretically communicate with every star in the sky that we can see? No
44%
As an object approaches the speed of light, what does the mass approach? Infinity
26%
Which of these is a consequence of the many worlds interpretation? You might never die
24%
No matching quizzes found
Score Distribution
Percent of People with Each Score
Percentile by Number Answered
Your Score History
You have not taken this quiz since the last reset